[Event "DVM U12 2017"]
[Site "Magdeburg GER"]
[Date "2017.12.29"]
[Round "6"]
[White "Lauterbach, Kolja"]
[Black "Deutsch, Christoph"]
[Result "1/2-1/2"]
[Termination "normal"]
[Board "6.1"]
[WhiteElo "1683"]
[BlackElo "1832"]
[WhiteClock "01:23:51"]
[BlackClock "00:54:49"]
[WhiteTeam "SK Freiburg-Zähringen"]
[BlackTeam "SK Gründau"]
[PlyCount "70"]
[WhiteFideId "16235916"]
[BlackFideId "16206878"]
[EventCountry "GER"]
[EventRounds "7"]
[EventType "team-swiss"]
[EventDate "2017.12.26"]

1. e4 {[%clk 1:30:57]} e5 {[%clk 1:30:53]} 2. Nf3 {[%clk 1:31:23]} Nc6 {[%clk
1:31:13]} 3. Bc4 {[%clk 1:31:49]} Nf6 {[%clk 1:31:36]} 4. d4 {[%clk 1:32:10]}
exd4 {[%clk 1:31:22]} 5. e5 {[%clk 1:32:35]} d5 {[%clk 1:31:43]} 6. Bb5 {[%clk
1:33:00]} Ne4 {[%clk 1:32:01]} 7. Nxd4 {[%clk 1:33:24]} Bd7 {[%clk 1:32:14]} 8.
Bxc6 {[%clk 1:33:49]} bxc6 {[%clk 1:32:35]} 9. O-O {[%clk 1:34:11]} Bc5 {[%clk
1:32:39]} 10. f3 {[%clk 1:34:16]} Ng5 {[%clk 1:32:48]} 11. f4 {[%clk 1:34:40]}
Ne4 {[%clk 1:33:08]} 12. Be3 {[%clk 1:35:04]} O-O {[%clk 1:33:03]} 13. Nd2
{[%clk 1:35:24]} Nxd2 {[%clk 1:33:03]} 14. Qxd2 {[%clk 1:35:46]} f6 {[%clk
1:31:16]} 15. Nb3 {[%clk 1:33:35]} Bxe3+ {[%clk 1:29:26]} 16. Qxe3 {[%clk
1:33:54]} Qe7 {[%clk 1:28:34]} 17. Rae1 {[%clk 1:32:39]} fxe5 {[%clk 1:28:09]}
18. Qxe5 {[%clk 1:32:58]} Qxe5 {[%clk 1:28:24]} 19. Rxe5 {[%clk 1:33:17]} Rae8
{[%clk 1:28:25]} 20. Rfe1 {[%clk 1:32:56]} Rxe5 {[%clk 1:26:00]} 21. fxe5
{[%clk 1:33:10]} Re8 {[%clk 1:24:29]} 22. h3 {[%clk 1:32:55]} g6 {[%clk
1:19:29]} 23. g4 {[%clk 1:32:26]} Kg7 {[%clk 1:16:40]} 24. Nc5 {[%clk 1:32:43]}
Be6 {[%clk 1:14:55]} 25. Kg2 {[%clk 1:32:51]} Bc8 {[%clk 1:09:39]} 26. Kg3
{[%clk 1:32:56]} Rf8 {[%clk 1:08:04]} 27. Re3 {[%clk 1:27:28]} Rf1 {[%clk
1:03:51]} 28. Ra3 {[%clk 1:26:33]} Rg1+ {[%clk 1:01:16]} 29. Kf2 {[%clk
1:26:18]} Rc1 {[%clk 1:01:18]} 30. c3 {[%clk 1:25:11]} a6 {[%clk 1:00:37]} 31.
Nxa6 {[%clk 1:25:30]} Rc2+ {[%clk 1:00:48]} 32. Kg3 {[%clk 1:25:30]} Rxb2
{[%clk 1:01:02]} 33. Nxc7 {[%clk 1:25:27]} Re2 {[%clk 0:54:50]} 34. Kf4 {[%clk
1:23:55]} Re4+ {[%clk 0:54:49]} 35. Kf3 {[%clk 1:23:51]} Rxe5 1/2-1/2

[Event "DVM U12 2017"]
[Site "Magdeburg GER"]
[Date "2017.12.29"]
[Round "6"]
[White "Deutsch, Volker"]
[Black "Straub, Benno"]
[Result "1/2-1/2"]
[Termination "normal"]
[Board "6.2"]
[WhiteElo "1518"]
[BlackElo "1492"]
[WhiteClock "00:19:57"]
[BlackClock "01:11:41"]
[WhiteTeam "SK Gründau"]
[BlackTeam "SK Freiburg-Zähringen"]
[PlyCount "68"]
[WhiteFideId "16206886"]
[BlackFideId "16255488"]
[EventCountry "GER"]
[EventRounds "7"]
[EventType "team-swiss"]
[EventDate "2017.12.26"]

1. e4 {[%clk 1:30:58]} e5 {[%clk 1:30:54]} 2. Nf3 {[%clk 1:31:20]} Nc6 {[%clk
1:31:19]} 3. Bc4 {[%clk 1:31:45]} Bc5 {[%clk 1:31:31]} 4. c3 {[%clk 1:32:06]}
Nf6 {[%clk 1:31:57]} 5. d3 {[%clk 1:32:30]} d6 {[%clk 1:32:02]} 6. Nbd2 {[%clk
1:32:35]} O-O {[%clk 1:32:08]} 7. Nf1 {[%clk 1:32:17]} h6 {[%clk 1:32:22]} 8.
Ng3 {[%clk 1:32:30]} Be6 {[%clk 1:32:36]} 9. Bb3 {[%clk 1:32:45]} Qd7 {[%clk
1:32:33]} 10. Be3 {[%clk 1:32:29]} Bb6 {[%clk 1:32:49]} 11. O-O {[%clk
1:32:15]} Rfe8 {[%clk 1:32:23]} 12. Nh4 {[%clk 1:30:38]} d5 {[%clk 1:32:03]}
13. exd5 {[%clk 1:26:50]} Bxd5 {[%clk 1:31:36]} 14. Nf3 {[%clk 1:23:38]} Bxf3
{[%clk 1:30:30]} 15. gxf3 {[%clk 1:14:41]} Rad8 {[%clk 1:30:16]} 16. Bc2 {[%clk
1:11:43]} Nd5 {[%clk 1:28:41]} 17. Qd2 {[%clk 1:09:17]} f5 {[%clk 1:25:00]} 18.
Kh1 {[%clk 0:57:54]} Bxe3 {[%clk 1:24:07]} 19. fxe3 {[%clk 0:57:32]} f4 {[%clk
1:23:53]} 20. exf4 {[%clk 0:53:24]} Nxf4 {[%clk 1:24:01]} 21. Rad1 {[%clk
0:49:18]} Rf8 {[%clk 1:22:18]} 22. Qe3 {[%clk 0:41:46]} Qh3 {[%clk 1:20:56]}
23. Qf2 {[%clk 0:40:49]} Rd7 {[%clk 1:17:03]} 24. Ne4 {[%clk 0:37:22]} Rdf7
{[%clk 1:14:30]} 25. Bb3 {[%clk 0:34:50]} Ne6 {[%clk 1:14:53]} 26. Qg2 {[%clk
0:33:23]} Qxg2+ {[%clk 1:14:51]} 27. Kxg2 {[%clk 0:33:30]} Re8 {[%clk 1:14:55]}
28. Bxe6 {[%clk 0:30:59]} Rxe6 {[%clk 1:15:21]} 29. d4 {[%clk 0:29:12]} exd4
{[%clk 1:15:08]} 30. cxd4 {[%clk 0:29:00]} Rg6+ {[%clk 1:15:28]} 31. Kh1 {[%clk
0:28:17]} Na5 {[%clk 1:14:40]} 32. b3 {[%clk 0:26:44]} b6 {[%clk 1:14:34]} 33.
Rc1 {[%clk 0:22:23]} Rc6 {[%clk 1:13:00]} 34. Kg2 {[%clk 0:19:57]} Rd7 {[%clk
1:11:41]} 1/2-1/2

[Event "DVM U12 2017"]
[Site "Magdeburg GER"]
[Date "2017.12.29"]
[Round "6"]
[White "Bayer, Oliver"]
[Black "Trimpin, Fynn"]
[Result "1/2-1/2"]
[Termination "normal"]
[Board "6.4"]
[WhiteElo "1497"]
[BlackElo "1028"]
[WhiteClock "00:19:00"]
[BlackClock "01:11:06"]
[WhiteTeam "SK Gründau"]
[BlackTeam "SK Freiburg-Zähringen"]
[PlyCount "65"]
[WhiteFideId "16243978"]
[BlackFideId "16255500"]
[EventCountry "GER"]
[EventRounds "7"]
[EventType "team-swiss"]
[EventDate "2017.12.26"]

1. e4 {[%clk 1:30:56]} e5 {[%clk 1:30:53]} 2. Nf3 {[%clk 1:31:19]} Nc6 {[%clk
1:31:19]} 3. d4 {[%clk 1:31:41]} exd4 {[%clk 1:31:24]} 4. Bc4 {[%clk 1:32:05]}
Bc5 {[%clk 1:31:03]} 5. c3 {[%clk 1:32:25]} Nf6 {[%clk 1:30:14]} 6. cxd4 {[%clk
1:31:44]} Bb4+ {[%clk 1:29:58]} 7. Bd2 {[%clk 1:27:26]} Bxd2+ {[%clk 1:30:18]}
8. Nbxd2 {[%clk 1:27:42]} d5 {[%clk 1:29:56]} 9. exd5 {[%clk 1:19:31]} Nxd5
{[%clk 1:28:37]} 10. Nb3 {[%clk 1:14:02]} O-O {[%clk 1:27:55]} 11. O-O {[%clk
1:13:47]} Bg4 {[%clk 1:27:56]} 12. Be2 {[%clk 1:05:41]} Re8 {[%clk 1:25:54]}
13. Re1 {[%clk 1:03:48]} Bf5 {[%clk 1:24:39]} 14. Bd3 {[%clk 1:01:54]} Qf6
{[%clk 1:23:03]} 15. Bxf5 {[%clk 0:58:22]} Qxf5 {[%clk 1:23:11]} 16. Qd2 {[%clk
0:56:21]} Rad8 {[%clk 1:21:12]} 17. Rxe8+ {[%clk 0:54:08]} Rxe8 {[%clk
1:21:06]} 18. Re1 {[%clk 0:47:32]} Nf6 {[%clk 1:20:38]} 19. Rxe8+ {[%clk
0:45:27]} Nxe8 {[%clk 1:20:42]} 20. h3 {[%clk 0:44:54]} h6 {[%clk 1:20:44]} 21.
a3 {[%clk 0:35:53]} Nd6 {[%clk 1:19:21]} 22. Nc5 {[%clk 0:27:02]} b6 {[%clk
1:19:00]} 23. Nd3 {[%clk 0:26:55]} Qd5 {[%clk 1:17:54]} 24. Nb4 {[%clk
0:24:36]} Nxb4 {[%clk 1:16:55]} 25. Qxb4 {[%clk 0:24:53]} Qb5 {[%clk 1:14:46]}
26. Qc3 {[%clk 0:23:41]} Qc4 {[%clk 1:14:29]} 27. Qd2 {[%clk 0:22:54]} Ne4
{[%clk 1:13:25]} 28. Qe3 {[%clk 0:21:48]} Nf6 {[%clk 1:11:58]} 29. Qc3 {[%clk
0:19:42]} Qxc3 {[%clk 1:11:35]} 30. bxc3 {[%clk 0:18:58]} Ne4 {[%clk 1:11:06]}
31. c4 {[%clk 0:19:08]} Kf8 {[%clk 1:11:06]} 32. Kf1 {[%clk 0:19:23]} Ke7 33.
Ke2 {[%clk 0:19:00]} 1/2-1/2

[Event "DVM U12 2017"]
[Site "Magdeburg GER"]
[Date "2017.12.29"]
[Round "6"]
[White "Ponomarev, Maximilian"]
[Black "Kittel, Lennart"]
[Result "1-0"]
[Termination "normal"]
[Board "7.1"]
[WhiteElo "1764"]
[BlackElo "1116"]
[WhiteClock "01:25:23"]
[BlackClock "00:56:41"]
[WhiteTeam "SC Tarrasch 45 München"]
[BlackTeam "SF 1876 Göppingen"]
[PlyCount "61"]
[WhiteFideId "16216768"]
[BlackFideId "16254171"]
[EventCountry "GER"]
[EventRounds "7"]
[EventType "team-swiss"]
[EventDate "2017.12.26"]

1. e4 {[%clk 1:30:59]} c5 {[%clk 1:30:54]} 2. Nf3 {[%clk 1:31:25]} a6 {[%clk
1:31:18]} 3. c4 {[%clk 1:31:52]} Nc6 {[%clk 1:31:32]} 4. d4 {[%clk 1:32:18]}
cxd4 {[%clk 1:31:54]} 5. Nxd4 {[%clk 1:32:44]} e5 {[%clk 1:31:43]} 6. Nf3
{[%clk 1:32:35]} Bc5 {[%clk 1:30:57]} 7. Nc3 {[%clk 1:32:43]} d6 {[%clk
1:30:18]} 8. Be2 {[%clk 1:33:04]} Nf6 {[%clk 1:29:19]} 9. O-O {[%clk 1:33:21]}
O-O {[%clk 1:29:04]} 10. a3 {[%clk 1:31:10]} Be6 {[%clk 1:28:29]} 11. b4 {[%clk
1:31:22]} Bb6 {[%clk 1:26:07]} 12. Bb2 {[%clk 1:29:41]} Qc7 {[%clk 1:24:18]}
13. Nd5 {[%clk 1:29:52]} Bxd5 {[%clk 1:24:07]} 14. exd5 {[%clk 1:29:55]} Ne7
{[%clk 1:23:18]} 15. Kh1 {[%clk 1:30:11]} Rac8 {[%clk 1:22:14]} 16. Nd2 {[%clk
1:30:26]} Ba7 {[%clk 1:19:49]} 17. f4 {[%clk 1:30:35]} b6 {[%clk 1:16:41]} 18.
fxe5 {[%clk 1:30:30]} dxe5 {[%clk 1:16:31]} 19. Nf3 {[%clk 1:30:35]} Ng6 {[%clk
1:15:59]} 20. d6 {[%clk 1:29:21]} Qd7 {[%clk 1:15:00]} 21. Nxe5 {[%clk
1:29:40]} Nxe5 {[%clk 1:15:09]} 22. Bxe5 {[%clk 1:30:05]} Ne8 {[%clk 1:14:44]}
23. Qd3 {[%clk 1:28:24]} Rd8 {[%clk 1:13:06]} 24. Rad1 {[%clk 1:27:59]} a5
{[%clk 1:12:29]} 25. Rf3 {[%clk 1:27:42]} g6 {[%clk 1:01:34]} 26. Rh3 {[%clk
1:27:46]} Ng7 {[%clk 1:01:16]} 27. Bf6 {[%clk 1:27:09]} Rc8 {[%clk 1:00:07]}
28. Qd2 {[%clk 1:25:03]} Nf5 {[%clk 0:56:41]} 29. Bg4 {[%clk 1:25:23]} h5 30.
Bxf5 Qxf5 31. Rf3 1-0

[Event "DVM U12 2017"]
[Site "Magdeburg GER"]
[Date "2017.12.29"]
[Round "6"]
[White "Blazevic, Ksaver"]
[Black "Bloch, Daniel"]
[Result "0-1"]
[Termination "normal"]
[Board "7.2"]
[WhiteElo "1139"]
[BlackElo "1435"]
[WhiteClock "01:19:23"]
[BlackClock "01:17:16"]
[WhiteTeam "SF 1876 Göppingen"]
[BlackTeam "SC Tarrasch 45 München"]
[PlyCount "40"]
[WhiteFideId "16255534"]
[BlackFideId "16229525"]
[EventCountry "GER"]
[EventRounds "7"]
[EventType "team-swiss"]
[EventDate "2017.12.26"]

1. e4 {[%clk 1:30:57]} e5 {[%clk 1:30:56]} 2. Nf3 {[%clk 1:31:16]} Nc6 {[%clk
1:31:20]} 3. Bb5 {[%clk 1:31:24]} a6 {[%clk 1:31:36]} 4. Ba4 {[%clk 1:31:39]}
Nf6 {[%clk 1:30:53]} 5. d3 {[%clk 1:31:46]} d6 {[%clk 1:30:58]} 6. O-O {[%clk
1:31:00]} Bd7 {[%clk 1:30:20]} 7. Nc3 {[%clk 1:29:57]} Be7 {[%clk 1:28:23]} 8.
d4 {[%clk 1:28:53]} b5 {[%clk 1:25:02]} 9. Bb3 {[%clk 1:28:48]} exd4 {[%clk
1:25:18]} 10. Nxd4 {[%clk 1:29:02]} Nxd4 {[%clk 1:25:40]} 11. Qxd4 {[%clk
1:28:57]} c5 {[%clk 1:26:04]} 12. Qd3 {[%clk 1:22:31]} c4 {[%clk 1:26:02]} 13.
Bxc4 {[%clk 1:22:49]} bxc4 {[%clk 1:26:25]} 14. Qxc4 {[%clk 1:22:49]} O-O
{[%clk 1:25:26]} 15. Bg5 {[%clk 1:23:07]} h6 {[%clk 1:24:13]} 16. Bh4 {[%clk
1:22:53]} Be6 {[%clk 1:19:48]} 17. Qe2 {[%clk 1:22:57]} Rc8 {[%clk 1:16:34]}
18. f4 {[%clk 1:22:36]} Bc4 {[%clk 1:16:54]} 19. Qf3 {[%clk 1:19:01]} Bxf1
{[%clk 1:17:16]} 20. Rxf1 {[%clk 1:19:23]} Qb6+ 0-1

[Event "DVM U12 2017"]
[Site "Magdeburg GER"]
[Date "2017.12.29"]
[Round "6"]
[White "Popovici, Liviu-Daniel"]
[Black "Cilo, Selimhan"]
[Result "1/2-1/2"]
[Termination "normal"]
[Board "7.3"]
[WhiteElo "1213"]
[BlackElo "1053"]
[WhiteClock "00:59:08"]
[BlackClock "01:07:03"]
[WhiteTeam "SC Tarrasch 45 München"]
[BlackTeam "SF 1876 Göppingen"]
[PlyCount "124"]
[WhiteFideId "1253689"]
[BlackFideId "16246756"]
[EventCountry "GER"]
[EventRounds "7"]
[EventType "team-swiss"]
[EventDate "2017.12.26"]

1. e4 {[%clk 1:30:59]} e5 {[%clk 1:30:56]} 2. Nf3 {[%clk 1:31:19]} Nc6 {[%clk
1:31:11]} 3. Bc4 {[%clk 1:31:36]} Bc5 {[%clk 1:31:17]} 4. c3 {[%clk 1:31:50]}
Bb6 {[%clk 1:31:04]} 5. d4 {[%clk 1:31:44]} exd4 {[%clk 1:30:56]} 6. cxd4
{[%clk 1:31:51]} d6 {[%clk 1:30:57]} 7. Nc3 {[%clk 1:31:44]} Bg4 {[%clk
1:30:24]} 8. Be3 {[%clk 1:29:39]} Nf6 {[%clk 1:29:30]} 9. d5 {[%clk 1:24:10]}
Bxe3 {[%clk 1:28:29]} 10. fxe3 {[%clk 1:24:16]} Ne5 {[%clk 1:28:36]} 11. Be2
{[%clk 1:22:49]} c6 {[%clk 1:27:45]} 12. Nxe5 {[%clk 1:21:05]} Bxe2 {[%clk
1:27:34]} 13. Nxc6 {[%clk 1:17:55]} Qb6 {[%clk 1:24:31]} 14. Qxe2 {[%clk
1:17:43]} bxc6 {[%clk 1:24:39]} 15. Rd1 {[%clk 1:16:06]} c5 {[%clk 1:24:24]}
16. Qb5+ {[%clk 1:12:53]} Ke7 {[%clk 1:20:54]} 17. Qxb6 {[%clk 1:12:58]} axb6
{[%clk 1:21:12]} 18. e5 {[%clk 1:13:01]} Ng4 {[%clk 1:19:53]} 19. exd6+ Kxd6
{[%clk 1:19:51]} 20. Nb5+ {[%clk 1:12:01]} Kd7 {[%clk 1:19:20]} 21. e4 {[%clk
1:09:12]} Rxa2 {[%clk 1:16:56]} 22. Rb1 {[%clk 1:06:46]} Rha8 {[%clk 1:17:03]}
23. Ke2 {[%clk 1:06:04]} Re8 {[%clk 1:16:00]} 24. Nc3 {[%clk 1:05:52]} Raa8
{[%clk 1:15:19]} 25. h3 {[%clk 1:05:55]} Nf6 {[%clk 1:15:31]} 26. Kf3 {[%clk
1:03:36]} Kd6 {[%clk 1:14:41]} 27. Nb5+ {[%clk 1:03:20]} Kd7 {[%clk 1:14:37]}
28. Rhe1 {[%clk 1:03:14]} Ra5 {[%clk 1:14:18]} 29. Nc3 {[%clk 1:03:02]} b5
{[%clk 1:13:40]} 30. e5 {[%clk 1:00:17]} b4 {[%clk 1:12:49]} 31. exf6 {[%clk
0:59:57]} bxc3 {[%clk 1:13:08]} 32. bxc3 {[%clk 0:58:55]} Rxe1 {[%clk 1:12:52]}
33. Rxe1 {[%clk 0:59:21]} gxf6 34. c4 {[%clk 0:59:34]} Ra3+ {[%clk 1:13:02]}
35. Re3 {[%clk 0:59:58]} Ra4 {[%clk 1:12:52]} 36. Rc3 {[%clk 1:00:23]} Kd6
{[%clk 1:12:59]} 37. Ke4 {[%clk 1:00:31]} Ra2 {[%clk 1:12:58]} 38. g4 {[%clk
1:00:33]} Re2+ {[%clk 1:12:38]} 39. Re3 {[%clk 0:59:35]} Rc2 {[%clk 1:12:24]}
40. Kd3 {[%clk 1:00:00]} Ra2 {[%clk 1:12:23]} 41. h4 {[%clk 0:59:07]} Rh2
{[%clk 1:11:48]} 42. h5 {[%clk 0:59:23]} Rh4 {[%clk 1:12:05]} 43. Re4 {[%clk
0:58:32]} f5 {[%clk 1:11:22]} 44. gxf5 {[%clk 0:58:32]} Rxh5 {[%clk 1:11:38]}
45. Rf4 {[%clk 0:58:12]} Ke5 {[%clk 1:11:33]} 46. Ke3 {[%clk 0:57:04]} Rxf5
{[%clk 1:11:51]} 47. Rxf5+ {[%clk 0:57:29]} Kxf5 {[%clk 1:12:12]} 48. Kf3
{[%clk 0:57:58]} Ke5 {[%clk 1:11:57]} 49. Kg4 {[%clk 0:57:01]} f5+ {[%clk
1:11:10]} 50. Kf3 {[%clk 0:57:24]} h5 {[%clk 1:11:23]} 51. Kg3 {[%clk 0:57:46]}
f4+ {[%clk 1:11:37]} 52. Kf3 {[%clk 0:58:07]} Kf5 {[%clk 1:11:11]} 53. Kg2
{[%clk 0:58:24]} h4 {[%clk 1:11:07]} 54. Kf3 {[%clk 0:57:01]} h3 {[%clk
1:09:39]} 55. Kf2 {[%clk 0:57:22]} Kg4 {[%clk 1:06:12]} 56. d6 {[%clk 0:57:47]}
f3 {[%clk 1:06:37]} 57. d7 {[%clk 0:58:14]} h2 {[%clk 1:07:02]} 58. d8=Q {[%clk
0:58:35]} h1=Q {[%clk 1:07:24]} 59. Qg8+ {[%clk 0:59:01]} Kf4 {[%clk 1:07:19]}
60. Qf7+ {[%clk 0:58:54]} Ke4 {[%clk 1:06:55]} 61. Qd5+ {[%clk 0:58:50]} Kf4
{[%clk 1:07:03]} 62. Qd6+ {[%clk 0:59:08]} Ke5 1/2-1/2

[Event "DVM U12 2017"]
[Site "Magdeburg GER"]
[Date "2017.12.29"]
[Round "6"]
[White "Schedel, Loris"]
[Black "Mele, Alessandro"]
[Result "0-1"]
[Termination "normal"]
[Board "7.4"]
[WhiteElo "1040"]
[BlackElo "1154"]
[WhiteClock "00:46:35"]
[BlackClock "00:37:52"]
[WhiteTeam "SF 1876 Göppingen"]
[BlackTeam "SC Tarrasch 45 München"]
[PlyCount "82"]
[WhiteFideId "16255542"]
[BlackFideId "16227832"]
[EventCountry "GER"]
[EventRounds "7"]
[EventType "team-swiss"]
[EventDate "2017.12.26"]

1. e4 {[%clk 1:30:59]} e5 {[%clk 1:30:55]} 2. Nf3 {[%clk 1:31:23]} Nc6 {[%clk
1:31:20]} 3. Bc4 {[%clk 1:31:46]} Nf6 {[%clk 1:31:32]} 4. Ng5 {[%clk 1:30:03]}
d5 {[%clk 1:31:53]} 5. exd5 {[%clk 1:30:26]} Na5 {[%clk 1:32:18]} 6. Bb5+
{[%clk 1:30:06]} c6 {[%clk 1:32:40]} 7. dxc6 {[%clk 1:30:31]} bxc6 {[%clk
1:32:57]} 8. Ba4 {[%clk 1:30:52]} Be7 {[%clk 1:30:57]} 9. a3 {[%clk 1:30:48]}
Bd7 {[%clk 1:28:50]} 10. b4 {[%clk 1:29:43]} Nb7 {[%clk 1:27:52]} 11. Qf3
{[%clk 1:28:18]} Qc7 {[%clk 1:21:50]} 12. Nc3 {[%clk 1:25:01]} O-O {[%clk
1:19:17]} 13. b5 {[%clk 1:22:28]} cxb5 {[%clk 1:06:17]} 14. Bxb5 {[%clk
1:20:33]} Bxb5 {[%clk 1:04:56]} 15. Nxb5 {[%clk 1:20:46]} Qb6 {[%clk 1:01:55]}
16. a4 {[%clk 1:19:37]} a6 {[%clk 0:58:45]} 17. Rb1 {[%clk 1:16:48]} Rfb8
{[%clk 0:57:10]} 18. Bb2 {[%clk 1:15:50]} axb5 {[%clk 0:55:44]} 19. Bxe5 {[%clk
1:15:46]} Nd6 {[%clk 0:55:34]} 20. Bxd6 {[%clk 1:13:58]} Bxd6 {[%clk 0:54:08]}
21. Rxb5 {[%clk 1:11:53]} Qa6 {[%clk 0:53:42]} 22. O-O {[%clk 1:09:37]} Qxa4
{[%clk 0:50:58]} 23. Rf5 {[%clk 1:04:18]} Qxc2 {[%clk 0:49:16]} 24. Rxf6 {[%clk
1:02:20]} gxf6 {[%clk 0:49:30]} 25. Qxf6 Qg6 {[%clk 0:49:57]} 26. Nxh7 {[%clk
0:49:14]} Bxh2+ {[%clk 0:47:09]} 27. Kxh2 {[%clk 0:49:22]} Qxh7+ {[%clk
0:47:35]} 28. Kg1 {[%clk 0:49:44]} Qg6 {[%clk 0:46:44]} 29. Qf3 {[%clk
0:49:56]} Ra2 {[%clk 0:42:55]} 30. d4 {[%clk 0:49:32]} Rd8 {[%clk 0:43:04]} 31.
d5 {[%clk 0:49:44]} Rd2 {[%clk 0:42:39]} 32. Ra1 {[%clk 0:46:29]} R8xd5 {[%clk
0:41:35]} 33. Ra8+ {[%clk 0:46:33]} Rd8 {[%clk 0:41:04]} 34. Ra4 {[%clk
0:44:39]} Rd1+ {[%clk 0:38:41]} 35. Kh2 {[%clk 0:45:01]} Qh6+ {[%clk 0:38:52]}
36. Kg3 {[%clk 0:45:18]} R1d3 {[%clk 0:38:50]} 37. Rg4+ {[%clk 0:45:26]} Kf8
{[%clk 0:38:57]} 38. Rh4 {[%clk 0:45:44]} Rxf3+ {[%clk 0:39:15]} 39. gxf3
{[%clk 0:46:03]} Qg7+ {[%clk 0:37:21]} 40. Rg4 {[%clk 0:46:15]} Qe5+ {[%clk
0:37:29]} 41. Rf4 {[%clk 0:46:35]} Rd4 {[%clk 0:37:52]} 0-1

[Event "DVM U12 2017"]
[Site "Magdeburg GER"]
[Date "2017.12.29"]
[Round "6"]
[White "Toval, David"]
[Black "Strehse, Nelson"]
[Result "1/2-1/2"]
[Termination "normal"]
[Board "8.1"]
[WhiteElo "1798"]
[BlackElo "1172"]
[WhiteClock "00:55:07"]
[BlackClock "01:11:04"]
[WhiteTeam "SK Münster"]
[BlackTeam "Klub Kölner SF"]
[PlyCount "65"]
[WhiteFideId "12992755"]
[BlackFideId "16228898"]
[EventCountry "GER"]
[EventRounds "7"]
[EventType "team-swiss"]
[EventDate "2017.12.26"]

1. e4 {[%clk 1:30:58]} e5 {[%clk 1:30:52]} 2. Nf3 {[%clk 1:31:19]} Nc6 {[%clk
1:31:08]} 3. Bb5 {[%clk 1:31:35]} d6 {[%clk 1:31:25]} 4. d4 {[%clk 1:31:52]}
exd4 {[%clk 1:31:45]} 5. Nxd4 {[%clk 1:32:15]} Bd7 {[%clk 1:32:03]} 6. O-O
{[%clk 1:32:19]} g6 {[%clk 1:32:10]} 7. Nc3 {[%clk 1:31:30]} Bg7 {[%clk
1:32:28]} 8. Be3 {[%clk 1:31:23]} Nf6 {[%clk 1:32:33]} 9. Re1 {[%clk 1:29:05]}
O-O {[%clk 1:32:44]} 10. Qd2 {[%clk 1:28:47]} Re8 {[%clk 1:32:49]} 11. f3
{[%clk 1:25:59]} Ne5 {[%clk 1:32:31]} 12. Bxd7 {[%clk 1:26:01]} Qxd7 {[%clk
1:32:31]} 13. b3 {[%clk 1:24:20]} d5 {[%clk 1:29:11]} 14. f4 {[%clk 1:23:55]}
Nc6 {[%clk 1:22:28]} 15. e5 {[%clk 1:23:33]} Ng4 {[%clk 1:22:13]} 16. Rad1
{[%clk 1:20:45]} Nxe3 {[%clk 1:21:55]} 17. Rxe3 {[%clk 1:20:53]} Nxd4 {[%clk
1:21:41]} 18. Qxd4 {[%clk 1:21:14]} c6 {[%clk 1:22:01]} 19. Ne4 {[%clk
1:21:21]} Qe6 {[%clk 1:18:20]} 20. Nd6 {[%clk 1:21:18]} Re7 {[%clk 1:18:10]}
21. Rf1 {[%clk 1:20:01]} f6 {[%clk 1:16:21]} 22. Rfe1 {[%clk 1:08:57]} fxe5
{[%clk 1:11:36]} 23. fxe5 {[%clk 1:09:19]} Qxd6 {[%clk 1:10:47]} 24. exd6
{[%clk 1:09:13]} Bxd4 {[%clk 1:10:55]} 25. dxe7 {[%clk 1:09:33]} Bxe3+ {[%clk
1:11:00]} 26. Rxe3 {[%clk 1:09:57]} Kf7 {[%clk 1:11:18]} 27. Rh3 {[%clk
1:09:37]} Kg7 {[%clk 1:10:31]} 28. g4 {[%clk 1:07:39]} Re8 {[%clk 1:10:23]} 29.
Re3 {[%clk 1:07:49]} Kf7 {[%clk 1:10:37]} 30. Rh3 {[%clk 1:08:12]} Kg7 {[%clk
1:10:49]} 31. Re3 {[%clk 1:01:05]} Kf7 {[%clk 1:10:57]} 32. Rh3 {[%clk
0:55:07]} Kg7 {[%clk 1:11:04]} 33. Re3 1/2-1/2

[Event "DVM U12 2017"]
[Site "Magdeburg GER"]
[Date "2017.12.29"]
[Round "6"]
[White "Thürbach, Peter"]
[Black "Schröder, Lennart"]
[Result "0-1"]
[Termination "normal"]
[Board "8.2"]
[WhiteElo "1151"]
[BlackElo "1635"]
[WhiteClock "00:09:15"]
[BlackClock "00:31:41"]
[WhiteTeam "Klub Kölner SF"]
[BlackTeam "SK Münster"]
[PlyCount "103"]
[WhiteFideId "16249097"]
[BlackFideId "16222490"]
[EventCountry "GER"]
[EventRounds "7"]
[EventType "team-swiss"]
[EventDate "2017.12.26"]

1. e4 {[%clk 1:30:59]} c5 {[%clk 1:30:54]} 2. Nf3 {[%clk 1:31:25]} d6 {[%clk
1:31:19]} 3. d4 {[%clk 1:31:51]} cxd4 {[%clk 1:31:43]} 4. Nxd4 {[%clk 1:32:16]}
Nf6 {[%clk 1:32:05]} 5. Nc3 {[%clk 1:32:38]} g6 {[%clk 1:32:28]} 6. f3 {[%clk
1:32:55]} Bg7 {[%clk 1:32:49]} 7. Be3 {[%clk 1:33:02]} Nc6 {[%clk 1:33:07]} 8.
Qd2 {[%clk 1:32:43]} O-O {[%clk 1:33:13]} 9. O-O-O {[%clk 1:33:02]} Nxd4 {[%clk
1:33:25]} 10. Bxd4 {[%clk 1:32:18]} Be6 {[%clk 1:33:42]} 11. Be3 {[%clk
1:29:53]} Qa5 {[%clk 1:33:15]} 12. a3 {[%clk 1:26:21]} Rab8 {[%clk 1:30:31]}
13. h4 {[%clk 1:17:56]} b5 {[%clk 1:24:34]} 14. Nxb5 {[%clk 1:16:12]} Rxb5
{[%clk 1:22:22]} 15. Bxb5 {[%clk 1:13:17]} Qxb5 {[%clk 1:22:46]} 16. Qb4 {[%clk
1:04:47]} Qe2 {[%clk 1:12:33]} 17. Qd2 {[%clk 1:00:04]} Qc4 {[%clk 1:12:24]}
18. Qb4 {[%clk 0:54:18]} Qc7 {[%clk 1:12:06]} 19. Rd3 {[%clk 0:46:17]} Nd7
{[%clk 1:08:03]} 20. Bd4 {[%clk 0:42:11]} Rb8 {[%clk 1:01:59]} 21. Qc3 {[%clk
0:38:49]} Qxc3 {[%clk 1:02:17]} 22. Bxc3 {[%clk 0:39:03]} Nc5 {[%clk 1:02:33]}
23. Re3 {[%clk 0:38:34]} Bh6 {[%clk 1:02:44]} 24. Bd2 {[%clk 0:35:27]} Bxe3
{[%clk 1:02:21]} 25. Bxe3 {[%clk 0:34:34]} a5 {[%clk 0:54:30]} 26. Bd4 {[%clk
0:29:59]} h5 {[%clk 0:53:33]} 27. b3 {[%clk 0:26:31]} Rc8 {[%clk 0:47:42]} 28.
Kd2 {[%clk 0:23:37]} Bd7 {[%clk 0:44:42]} 29. a4 {[%clk 0:20:44]} Kf8 {[%clk
0:41:09]} 30. Rd1 {[%clk 0:17:43]} Ke8 {[%clk 0:38:40]} 31. Bc3 {[%clk
0:16:10]} Nb7 {[%clk 0:36:11]} 32. Bd4 {[%clk 0:15:19]} Rc6 {[%clk 0:32:57]}
33. Rc1 {[%clk 0:13:17]} Kd8 {[%clk 0:31:29]} 34. c4 {[%clk 0:11:30]} Nc5
{[%clk 0:30:20]} 35. Kc2 {[%clk 0:10:31]} Nxa4 {[%clk 0:28:37]} 36. bxa4 Rxc4+
37. Kb2 {[%clk 0:10:04]} Rxd4 {[%clk 0:28:53]} 38. Kb3 {[%clk 0:08:05]} Rxa4
{[%clk 0:27:17]} 39. Rc4 {[%clk 0:06:54]} Rxc4 {[%clk 0:27:42]} 40. Kxc4 {[%clk
0:07:20]} Kc7 {[%clk 0:28:00]} 41. Kb3 {[%clk 0:07:16]} a4+ {[%clk 0:28:15]}
42. Ka3 {[%clk 0:07:24]} d5 {[%clk 0:28:22]} 43. exd5 {[%clk 0:07:37]} Kd6
{[%clk 0:28:48]} 44. g4 {[%clk 0:07:52]} hxg4 {[%clk 0:29:11]} 45. fxg4 {[%clk
0:08:18]} Bxg4 {[%clk 0:29:35]} 46. Kxa4 {[%clk 0:08:06]} Kxd5 {[%clk 0:29:57]}
47. Kb4 {[%clk 0:08:31]} Kd4 {[%clk 0:30:19]} 48. Kb3 Kd3 {[%clk 0:30:39]} 49.
Kb2 {[%clk 0:08:48]} Kd2 {[%clk 0:30:58]} 50. Kb3 {[%clk 0:08:54]} e5 {[%clk
0:31:17]} 51. Kc4 {[%clk 0:09:15]} e4 {[%clk 0:31:41]} 52. Kd4 0-1